000 00796nam a22002297a 4500
003 OSt
005 20250825150020.0
008 250822b |||||||| |||| 00| 0 eng d
037 _bDissertation
040 _aFEDL
_beng
_cFEDL
041 _aeng
_heng
082 _a507.1 GOY/DI
100 _aGoyal, Yashi; Subhash Chander. Supervisor
_9818566
110 _aUniversity of Delhi. Department of Education
_9818316
245 _aAI-supported approach to inclusive lesson planning:
_b Insight from science teachers/
_cby Yashi Goyal; Subhash Chander. Supervisor
260 _bUniversity of Delhi
_c2025
300 _a145p.
650 _aSCIENCE TEACHING
_9818567
700 _aSubhash Chander. Supervisor
_9818568
942 _2ddc
_cDIS
_h507.1
_n0
999 _c1434838
_d1434838